| 000 | 00319nam a2200109 4500 | ||
|---|---|---|---|
| 999 |
_c14040 _d14040 |
||
| 008 | 190730b ||||| |||| 00| 0 eng d | ||
| 245 | _a15 dialysis patients die in Venezuela's blackout. | ||
| 260 |
_aPhilippines: _bManila Bulletin; _cc2019. |
||
| 300 | _apage 9. | ||
| 650 | 0 |
_939034 _aEnergy resources. |
|
| 942 |
_2ddc _cPER |
||